000 00463nam a2200193Ia 4500
005 20240823043445.0
008 240823s9999||||xx |||||||||||||| ||und||
020 _a0-07-044523-0
041 _aENGLISH
082 _A004.6 P4
100 _a"Long,Cormac"
245 0 _aIP Network Design
250 _a1st
260 _c2004
_b"TMH,New Delhi"
500 _aTRANSFERED
650 _aComputer Science
_bInformation Technology
942 _cBK
999 _c210272
_d210272